Liste des noms de Pokémon finissant par N - Statistiques

Statistiques générales
  • Ce quiz a été pris 57 fois
  • Le résultat moyen est 76 sur 125
Statistiques - réponses
Pokémon % Correct
Chenipan
92%
Ixon
88%
Linéon
88%
Zébibron
83%
Zigzaton
83%
Grotichon
79%
Mammochon
79%
Papilusion
79%
Typhlosion
79%
Balignon
75%
Bastiodon
75%
Bekipan
75%
Chapignon
75%
Cochignon
75%
Corayon
75%
Donphan
75%
Feurisson
75%
Germignon
75%
Hydragon
75%
Kecleon
75%
Koraidon
75%
Miraidon
75%
Moustillon
75%
Ponchien
75%
Trompignon
75%
Zacian
75%
Charmillon
71%
Coiffeton
71%
Dardargnan
71%
Galegon
71%
Goupelin
71%
Grimalin
71%
Groudon
71%
Laggron
71%
Lampignon
71%
Maganon
71%
Magnéton
71%
Marcacrin
71%
Meltan
71%
Moumouflon
71%
Moumouton
71%
Pingoléon
71%
Tygnon
71%
Arcanin
67%
Artikodin
67%
Blancoton
67%
Capumain
67%
Déflaisan
67%
Galvagon
67%
Korillon
67%
Persian
67%
Poichigeon
67%
Pondralugon
67%
Prismillon
67%
Stalgamin
67%
Bazoucan
63%
Couaneton
63%
Écayon
63%
Fragroin
63%
Galvaran
63%
Gouroutan
63%
Luminéon
63%
Marisson
63%
Otaquin
63%
Pérégrain
63%
Porygon
63%
Tournicoton
63%
Tranchodon
63%
Tylton
63%
Dratatin
58%
Duralugon
58%
Fourbelin
58%
Hypocéan
58%
Larméléon
58%
Libégon
58%
Mandrillon
58%
Manglouton
58%
Matourgeon
58%
Nigirigon
58%
Ogerpon
58%
Rapion
58%
Scalpion
58%
Tournegrin
58%
Baojian
54%
Chacripan
54%
Dolman
54%
Engloutyran
54%
Flamoutan
54%
Nidoqueen
54%
Shaymin
54%
Braisillon
50%
Chongjian
50%
Feuiloutan
50%
Flotoutan
50%
Furaiglon
50%
Heatran
50%
Hexadron
50%
Lanturn
50%
Mascaïman
50%
Piclairon
50%
Tokopiyon
50%
Bekaglaçon
46%
Cerbyllin
46%
Charbambin
46%
Drakkarmin
46%
Frison
46%
Lockpin
46%
Rozbouton
46%
Scovilain
46%
Sucroquin
46%
Badabouin
42%
Délestin
42%
Lanssorien
42%
Briochien
38%
Dofin
38%
Fluvetin
38%
Grelaçon
38%
Lucanon
38%
Nounourson
38%
Salarsen
38%
Selutin
38%
Superdofin
38%
Volcanion
38%
Flotillon
33%
Trousselin
33%
Aucun quiz correspondant
Distribution des résultats
% des personnes avec chaque résultat
Percentile par nombre de réponses
Votre historique - résultats
Vous n’avez pas pris ce quiz